000 00518nam a2200181Ia 4500
003 GCL
008 140319s9999 xx 000 0 ara d
040 _aGCL /
_cGCL
082 0 4 _a809
_bا ح
100 1 _aامجد ريان
245 1 0 _aالحراك الادبى /
_cامجد ريان
300 _a255 ص
490 _aكتابات نقدية
_v0
650 0 4 _aالادب العربى
650 0 4 _aالادب - تاريخ ونقد
650 0 4 _aالادب العربى - تاريخ ونقد
942 _2ddc
_cBK
999 _c50731
_d50731